| 000 | 02333nam0a2200397 4500 | ||
|---|---|---|---|
| 001 | RU\NLR\bibl\1321441 | ||
| 005 | 20260408202709.0 | ||
| 010 |
_a978-5-7944-1152-2 _9100 |
||
| 021 |
_aRU _b2008-94343 _95530 |
||
| 035 | _a(nilc)EL/0000233487 | ||
| 035 | _a(NLR Aleph) 001306782 | ||
| 090 |
_a654041 _c654041 |
||
| 100 | _a20081215d2008 |||y0rusy50 ca | ||
| 101 | 0 | _arus | |
| 102 | _aRU | ||
| 105 | _aa ||||||||| | ||
| 200 | 1 |
_aСоциологический портрет Пермского края: региональные социокультурные традиции в условиях политико-административных инноваций _eмонография _f[Плотникова Е.Б., Борисова Н.В., Германов И.А. и др.] _gпод общ. ред. Е.Б. Плотниковой и Н.В. Борисовой _fФедер. агентство по образованию, Гос. образоват. учреждение высш. проф. образования "Перм. гос. ун-т" |
|
| 210 |
_aПермь _cРедакционно-издательский отдел Пермского государственного университета _d2008 |
||
| 215 |
_a164 с. _cил. _d20 |
||
| 300 | _aАвт. указаны на обороте тит.л. | ||
| 320 | _aБиблиогр. в подстроч. примеч. | ||
| 607 |
_aПермский край _xСоциальное развитие _xСоциологические исследования _3RU\NLR\AUTH\661512507 _92556500 |
||
| 686 |
_a60.59(2Рос) _vLBC/RL _2rubbk |
||
| 686 | _aС51(2Р-4Пе)74 | ||
| 701 | 1 |
_aПлотникова _bЕ. Б. _gЕлена Борисовна _4070 |
|
| 701 | 1 |
_4070 _8rus _7ca _aБорисова _bН. В. _cканд. полит. наук _gНадежда Владимировна _3RU\NLR\auth\7726808 _99846 |
|
| 701 | 1 |
_aГерманов _bИ. А. _gИгорь Анатольевич _4070 |
|
| 712 | 0 | 2 |
_4570 _aПермский государственный университет _3RU\NLR\AUTH\889941282 _9377407 |
| 801 | 0 |
_aRU _bПермская ГОУБ _c20081215 _grcr |
|
| 801 | 1 |
_aRU _bПермская ГОУБ _c20081215 _2rusmarc |
|
| 801 | 2 |
_aRU _bNLR _c20090129 _grcr |
|
| 942 | _cBOOK | ||
| 980 | _aNB | ||
| 980 | _aNBR | ||